Statistics for 中国地形三大阶梯The 3 Major Terraces of Chinese Terrain

Click here to take the quiz!

General Stats

  • This quiz has been taken 103 times
  • The average score is 15 of 19

Answer Stats

答案% Correct
青藏高原
96%
横断山脉
93%
华北平原
93%
东北平原
89%
昆仑山脉(及其余脉阿尔金山脉)
88%
太行山脉
87%
祁连山脉
87%
长江中下游平原
87%
黄土高原
87%
四川盆地
86%
云贵高原
84%
内蒙古高原
81%
大兴安岭
78%
塔里木盆地
77%
准噶尔盆地
70%
东南丘陵
66%
巫山
65%
柴达木盆地
64%
雪峰山
59%

Score Distribution

Percentile by Number Answered

Percent of People with Each Score

Your Score History

You have not taken this quiz